00329 a2200097 4500001001000000005001700010008004100027245006400068100002500132773007400157ART_1072420260410161831.0260409a 10aLa integración sudamericana en los umbrales del siglo XXI1 aJacobo, Alejandro D.0 tActualidad Económicag- Año XVI, Nº 60 (sep./dic. 2006)wREV5083